[Event "2.BLO 1516 SK Göggingen - SC Forchheim"]
[Site "?"]
[Date "2016.03.13"]
[Round "4.6"]
[White "Kukov, Velislav"]
[Black "Heidrich, Manfred"]
[Result "1-0"]
[WhiteElo "2351"]
[BlackElo "2344"]
[PlyCount "53"]
[EventDate "2016.??.??"]

1. d4 f5 2. Nf3 Nf6 3. Bg5 e6 4. Nbd2 Be7 5. Bxf6 Bxf6 6. e4 d5 7. e5 Be7 8.
Bd3 c5 9. dxc5 Nc6 10. Nb3 Bxc5 11. Nxc5 Qa5+ 12. c3 Qxc5 13. Qe2 Bd7 14. h3
O-O 15. O-O-O Rab8 16. Kb1 b5 17. g4 Rbe8 18. Rhg1 Re7 19. Ng5 b4 20. gxf5 exf5
21. cxb4 Qxb4 22. e6 Be8 23. Qf3 h6 24. Nf7 Nd4 25. Qxd5 Rxe6 26. Nd8 Qd6 27.
Bc4 1-0

[Event "2.BLO 1516 SK Göggingen - SC Forchheim"]
[Site "?"]
[Date "2016.03.13"]
[Round "4.7"]
[White "Ott, Florian"]
[Black "Hausner, Ivan"]
[Result "1/2-1/2"]
[WhiteElo "2253"]
[BlackElo "2342"]
[PlyCount "90"]
[EventDate "2016.??.??"]

1. d4 e6 2. c4 f5 3. Nc3 Nf6 4. e3 Be7 5. Bd3 d6 6. Nf3 O-O 7. e4 fxe4 8. Nxe4
Nc6 9. O-O Qe8 10. Bd2 e5 11. dxe5 dxe5 12. Nxf6+ Bxf6 13. Be4 Be6 14. Re1 Rd8
15. Qb3 Nd4 16. Nxd4 Rxd4 17. Bc3 Rxc4 18. Qxb7 Qf7 19. Re2 c5 20. Qxf7+ Bxf7
21. Rd1 Ra4 22. a3 Ra6 23. Rd7 Be6 24. Rc7 Rc8 25. Rb7 Rd8 26. f3 Rd1+ 27. Re1
Rxe1+ 28. Bxe1 Rb6 29. Bc3 Rxb7 30. Bxb7 Kf7 31. Be4 g6 32. Kf2 Ke7 33. Ke3
Bg5+ 34. Kd3 Kd6 35. g3 Bd5 36. Ke2 Bxe4 37. fxe4 c4 38. Bb4+ Ke6 39. Bc3 Kd6
40. Kf3 h5 41. Bb4+ Ke6 42. Ke2 Bc1 43. Bc3 Kd6 44. Kf3 Ke6 45. Ke2 Kd6 1/2-1/2

[Event "2.BLO 1516 SK Göggingen - SC Forchheim"]
[Site "?"]
[Date "2016.03.13"]
[Round "4.8"]
[White "Lipok, Christoph"]
[Black "Mann, Johannes"]
[Result "0-1"]
[WhiteElo "2297"]
[BlackElo "2170"]
[PlyCount "94"]
[EventDate "2016.??.??"]

1. d4 d5 2. c4 c6 3. Nf3 Nf6 4. e3 a6 5. Bd3 g6 6. O-O Bf5 7. Bxf5 gxf5 8. b3
e6 9. Qc2 Nbd7 10. a4 Rc8 11. Nbd2 Rg8 12. Bb2 Bd6 13. Rfc1 Ke7 14. Ba3 Bxa3
15. Rxa3 Ne4 16. Nf1 Qf8 17. Ng3 Ndf6 18. Ne5 Nxg3 19. hxg3 Ne4 20. Ra2 f6 21.
Nf3 Kd7 22. b4 Qd6 23. b5 cxb5 24. c5 Qc6 25. axb5 Qxb5 26. Rb2 Qc6 27. Ne1 b6
28. Rcb1 bxc5 29. Rb7+ Rc7 30. R7b6 Qa8 31. Qa4+ Ke7 32. Rxa6 Qe8 33. Qa5 Qd7
34. Rbb6 Rgc8 35. Qa3 Kf7 36. f3 Ng5 37. Rd6 Qe7 38. Nd3 cxd4 39. Nf4 dxe3 40.
Qxe3 Rd7 41. Rxd7 Qxd7 42. Qb6 Rc7 43. Ra8 Qc6 44. Qb8 Qc1+ 45. Kh2 Nxf3+ 46.
gxf3 Rc2+ 47. Ng2 Qh6+ 0-1

[Event "2.BLO 1516 Nickelhütte Aue - SF Neuber"]
[Site "?"]
[Date "2016.03.13"]
[Round "4.1"]
[White "Lubbe, Nikolas"]
[Black "Papp, Gabor"]
[Result "0-1"]
[WhiteElo "2509"]
[BlackElo "2583"]
[PlyCount "78"]
[EventDate "2016.??.??"]

1. d4 Nf6 2. Bg5 e6 3. e4 h6 4. Bxf6 Qxf6 5. Nc3 d6 6. Qd2 c6 7. Nf3 e5 8. Be2
Be7 9. h3 Nd7 10. a4 a6 11. O-O g5 12. dxe5 dxe5 13. Kh1 h5 14. Ng1 Nf8 15. Bc4
Ng6 16. Nce2 Bg4 17. f3 Rd8 18. Qe3 Bc8 19. g3 Bd6 20. Rad1 Qe7 21. Kg2 O-O 22.
Bb3 Kg7 23. c3 Bc5 24. Qc1 Rxd1 25. Qxd1 Rd8 26. Qc1 Ba7 27. Ba2 Rd3 28. Bc4
Rd6 29. Kh1 h4 30. g4 Qd8 31. b4 Be6 32. Bxe6 fxe6 33. c4 Bxg1 34. Nxg1 Nf4 35.
Qb2 Kf6 36. b5 Rd2 37. Qb4 a5 38. Qc5 b6 39. Qe3 c5 0-1

[Event "2.BLO 1516 Nickelhütte Aue - SF Neuber"]
[Site "?"]
[Date "2016.03.13"]
[Round "4.2"]
[White "Prohaszka, Peter"]
[Black "Lubbe, Melanie"]
[Result "1/2-1/2"]
[WhiteElo "2610"]
[BlackElo "2306"]
[PlyCount "55"]
[EventDate "2016.??.??"]

1. d4 Nf6 2. Nf3 g6 3. Bg5 Bg7 4. Nbd2 d6 5. c3 O-O 6. e4 c5 7. dxc5 dxc5 8.
Be2 Nc6 9. O-O b6 10. h3 Bb7 11. Bf4 Qd7 12. Qc2 Rad8 13. Rad1 Qc8 14. Rfe1 Nh5
15. Bh2 Bh6 16. Bf1 Nf4 17. Nc4 Rxd1 18. Rxd1 Rd8 19. Ne3 Rxd1 20. Qxd1 Ne6 21.
Nd5 Kf8 22. Bb5 Ng5 23. Bf4 Nxf3+ 24. Qxf3 Bxf4 25. Qxf4 Qd8 26. Qh6+ Kg8 27.
Qg5 f6 28. Qe3 1/2-1/2

[Event "2.BLO 1516 Nickelhütte Aue - SF Neuber"]
[Site "?"]
[Date "2016.03.13"]
[Round "4.3"]
[White "Wahedi, Ahmad Siar"]
[Black "Meijers, Viesturs"]
[Result "0-1"]
[WhiteElo "2307"]
[BlackElo "2434"]
[PlyCount "50"]
[EventDate "2016.??.??"]

1. e4 c5 2. a3 e6 3. b4 b6 4. d4 Bb7 5. bxc5 Bxe4 6. Nd2 Bg6 7. cxb6 axb6 8.
Ngf3 Nc6 9. Nc4 Nf6 10. Nfe5 b5 11. Nxg6 hxg6 12. Ne5 Bb4+ 13. Bd2 Bxd2+ 14.
Qxd2 Ne4 15. Nxc6 dxc6 16. Qe3 Qa5+ 17. Ke2 Nc3+ 18. Kf3 b4 19. Bd3 bxa3 20. h4
a2 21. g4 Qd5+ 22. Kg3 Ra4 23. Bxg6 Qd6+ 24. Kg2 Nd5 25. Qb3 Ra3 0-1

[Event "2.BLO 1516 Nickelhütte Aue - SF Neuber"]
[Site "?"]
[Date "2016.03.13"]
[Round "4.4"]
[White "Slobodjan, Roman"]
[Black "Kuenstler, Christian"]
[Result "1-0"]
[WhiteElo "2462"]
[BlackElo "2250"]
[PlyCount "53"]
[EventDate "2016.??.??"]

1. e4 c5 2. Nf3 d6 3. d4 cxd4 4. Nxd4 Nf6 5. Nc3 g6 6. Be2 Bg7 7. O-O O-O 8.
Re1 Nc6 9. Nb3 Be6 10. f4 Rc8 11. Bf3 a6 12. Nd5 Nd7 13. c3 b5 14. Be3 a5 15.
a4 b4 16. Rc1 bxc3 17. bxc3 Re8 18. Be2 Nf6 19. Bb5 Nd7 20. Bf2 Rf8 21. Qd2
Ncb8 22. c4 Nc5 23. Nxc5 dxc5 24. e5 Bf5 25. Bh4 f6 26. Nxe7+ Qxe7 27. exf6 1-0

[Event "2.BLO 1516 Nickelhütte Aue - SF Neuber"]
[Site "?"]
[Date "2016.03.13"]
[Round "4.5"]
[White "Seifert, Christopher"]
[Black "Eichner, Sebastian"]
[Result "0-1"]
[WhiteElo "2302"]
[BlackElo "2359"]
[PlyCount "80"]
[EventDate "2016.??.??"]

1. g3 Nf6 2. Bg2 d5 3. c4 e6 4. Nf3 Be7 5. O-O O-O 6. b3 c5 7. Bb2 d4 8. e3 Nc6
9. exd4 cxd4 10. Re1 Re8 11. d3 Bf8 12. Ne5 Nxe5 13. Rxe5 Nd7 14. Re1 e5 15.
Na3 Nc5 16. Nc2 Bf5 17. Bf1 a5 18. Ba3 Qf6 19. Bxc5 Bxc5 20. Bg2 Rad8 21. f3
Qg6 22. Bf1 h5 23. Kh1 h4 24. g4 Bd7 25. Bh3 b5 26. Qe2 Bc6 27. Red1 Rd6 28.
cxb5 Bxb5 29. a3 Rf6 30. Ne1 Bd6 31. Rdc1 Rb8 32. Qd2 Ba6 33. Qxa5 Bxd3 34. Ra2
Kh7 35. b4 Bb5 36. a4 Qg5 37. Raa1 Be2 38. b5 e4 39. Rc6 exf3 40. Qa7 Be5 0-1

[Event "2.BLO 1516 Nickelhütte Aue - SF Neuber"]
[Site "?"]
[Date "2016.03.13"]
[Round "4.6"]
[White "Spiess, Gunter"]
[Black "Lutz, Klaus-Juergen"]
[Result "1-0"]
[WhiteElo "2416"]
[BlackElo "2306"]
[PlyCount "65"]
[EventDate "2016.??.??"]

1. d4 d6 2. Nf3 Bg4 3. c4 Nd7 4. d5 Bxf3 5. exf3 Ngf6 6. Nc3 g6 7. g3 Bg7 8.
Bg2 O-O 9. O-O Rb8 10. f4 e5 11. dxe6 fxe6 12. Be3 Nb6 13. Qe2 Qe7 14. Rac1 c5
15. Rfe1 Rfe8 16. a4 Na8 17. Rcd1 a6 18. g4 Nc7 19. a5 b6 20. g5 Nd7 21. Qd2
Bf8 22. Bc6 bxa5 23. Ne4 Bg7 24. Qxd6 Qxd6 25. Rxd6 Nb6 26. Bxe8 Nxc4 27. Rc6
Nxe8 28. Nxc5 Nxb2 29. Nxe6 Nd3 30. Rd1 Nb4 31. Rc5 a4 32. Ra5 Bc3 33. Rxa4 1-0

[Event "2.BLO 1516 Nickelhütte Aue - SF Neuber"]
[Site "?"]
[Date "2016.03.13"]
[Round "4.7"]
[White "Schaffer, Hendrik"]
[Black "Londyn, Radek"]
[Result "0-1"]
[WhiteElo "2272"]
[BlackElo "2407"]
[PlyCount "76"]
[EventDate "2016.??.??"]

1. d4 d5 2. c4 dxc4 3. Nf3 e6 4. e3 b5 5. a4 c6 6. axb5 cxb5 7. b3 Bb4+ 8. Bd2
Bxd2+ 9. Nfxd2 Ne7 10. bxc4 b4 11. Bd3 f5 12. O-O O-O 13. c5 a5 14. Nc4 Nd5 15.
Nbd2 Nc3 16. Qc2 Ra7 17. Nd6 Bd7 18. Bc4 Kh8 19. Qb3 Qf6 20. f4 Nc6 21. Nf3 a4
22. Qc2 Rb8 23. Ne5 Nxe5 24. fxe5 Qe7 25. e4 Nxe4 26. Nxe4 fxe4 27. Qxe4 Be8
28. Bxe6 Bg6 29. Bf5 Bxf5 30. Qxf5 b3 31. Rfb1 Qd8 32. Qd3 Qd5 33. Ra3 Rb4 34.
Qc3 Rc4 35. Qe3 Rxd4 36. Rf1 Rd1 37. e6 Rxf1+ 38. Kxf1 b2 0-1

[Event "2.BLO 1516 Nickelhütte Aue - SF Neuber"]
[Site "?"]
[Date "2016.03.13"]
[Round "4.8"]
[White "Wichmann, Cliff"]
[Black "Hankel, Dennis"]
[Result "1-0"]
[WhiteElo "2328"]
[BlackElo "2162"]
[PlyCount "99"]
[EventDate "2016.??.??"]

1. d4 Nf6 2. Nf3 c5 3. e3 b6 4. c4 e6 5. Nc3 d5 6. cxd5 exd5 7. dxc5 Bxc5 8.
Bb5+ Bd7 9. Be2 Bg4 10. Qa4+ Bd7 11. Qb3 Be6 12. Ng5 O-O 13. O-O Nc6 14. Nxe6
fxe6 15. Qa4 Ne5 16. h3 Qe7 17. a3 Rac8 18. Nb5 a5 19. Nc3 Rfd8 20. Qb3 Qf7 21.
Bd2 Qg6 22. Rad1 Ne4 23. Nxe4 dxe4 24. Bc3 Nd3 25. Rd2 Rd5 26. Rfd1 Rg5 27. g4
h5 28. Rxd3 exd3 29. Rxd3 hxg4 30. hxg4 Rf8 31. Qd1 Qe4 32. b4 axb4 33. axb4
Rg6 34. Qf1 Rh6 35. Qg2 Qxg2+ 36. Kxg2 Be7 37. f4 g5 38. Rd7 Rf7 39. f5 exf5
40. Bc4 Kf8 41. Bxf7 Kxf7 42. gxf5 Rc6 43. Be5 Rc2+ 44. Kf3 Ke8 45. Rb7 Bxb4
46. Rxb6 Be1 47. Rb8+ Kf7 48. Rb7+ Ke8 49. Kg4 Bd2 50. f6 1-0

[Event "2.BLO 1516 Bindl Aktionär - Bad Mergen"]
[Site "?"]
[Date "2016.03.13"]
[Round "4.1"]
[White "Ikonnikov, Vyacheslav"]
[Black "Bindrich, Falko"]
[Result "1/2-1/2"]
[WhiteElo "2545"]
[BlackElo "2557"]
[PlyCount "46"]
[EventDate "2016.??.??"]

1. d4 Nf6 2. Nf3 d5 3. c4 e6 4. Nc3 Be7 5. Bg5 h6 6. Bh4 O-O 7. e3 Nbd7 8. Rc1
c5 9. cxd5 Nxd5 10. Bxe7 Nxe7 11. Be2 b6 12. dxc5 Nxc5 13. b4 Qxd1+ 14. Rxd1
Nd7 15. Nd4 Nf6 16. Bf3 Rb8 17. Ndb5 a6 18. Nd6 Bd7 19. O-O Bc6 20. Bxc6 Nxc6
21. b5 axb5 22. Ncxb5 Rfd8 23. Rd2 Rd7 1/2-1/2

[Event "2.BLO 1516 Bindl Aktionär - Bad Mergen"]
[Site "?"]
[Date "2016.03.13"]
[Round "4.2"]
[White "Petr, Martin"]
[Black "Karpatchev, Aleksandr"]
[Result "1-0"]
[WhiteElo "2507"]
[BlackElo "2480"]
[PlyCount "81"]
[EventDate "2016.??.??"]

1. Nf3 d5 2. e3 Nf6 3. d4 c5 4. Nbd2 g6 5. dxc5 Bg7 6. c3 O-O 7. b4 Ng4 8. Bb2
a5 9. a3 e5 10. h3 Nxe3 11. fxe3 e4 12. Nxe4 axb4 13. axb4 Rxa1 14. Bxa1 dxe4
15. Qxd8 Rxd8 16. Nd4 Bh6 17. Kf2 Nc6 18. Be2 Ne5 19. Rd1 Nd3+ 20. Bxd3 exd3
21. Rxd3 Be6 22. Bb2 Bc4 23. Rd1 Re8 24. Re1 f5 25. g3 Kf7 26. Nf3 Kg8 27. Nd2
Bf7 28. c4 Rd8 29. Re2 Ra8 30. Bd4 Kf8 31. b5 Ke7 32. c6 bxc6 33. b6 Kd8 34.
Nb3 Bf8 35. b7 Rb8 36. Na5 Kc7 37. Rb2 c5 38. Be5+ Bd6 39. Bxd6+ Kxd6 40. Rb6+
Kd7 41. Nc6 1-0

[Event "2.BLO 1516 Bindl Aktionär - Bad Mergen"]
[Site "?"]
[Date "2016.03.13"]
[Round "4.3"]
[White "Ivanov, Mikail"]
[Black "Neuman, Petr"]
[Result "1/2-1/2"]
[WhiteElo "2397"]
[BlackElo "2440"]
[PlyCount "75"]
[EventDate "2016.??.??"]

1. d4 d5 2. c4 c6 3. Nc3 Nf6 4. e3 Bf5 5. cxd5 cxd5 6. Qb3 Bc8 7. Nf3 e6 8. Ne5
Be7 9. Bd3 O-O 10. O-O Nc6 11. f4 Na5 12. Qd1 a6 13. g4 Ne8 14. g5 f5 15. gxf6
Nxf6 16. Bd2 b5 17. b3 Bb7 18. Qf3 b4 19. Ne2 Ne4 20. Be1 Nc6 21. Qh3 Nxe5 22.
dxe5 Qb6 23. Nd4 Bc5 24. Bxe4 dxe4 25. Qxe6+ Qxe6 26. Nxe6 Bxe3+ 27. Bf2 Bd2
28. Nxf8 Rxf8 29. Rad1 e3 30. Rxd2 exd2 31. Be3 Rd8 32. Rd1 Bf3 33. Rxd2 Rxd2
34. Bxd2 Be4 35. Bxb4 Bb1 36. a3 Ba2 37. Kf2 Bxb3 38. Ke3 1/2-1/2

[Event "2.BLO 1516 Bindl Aktionär - Bad Mergen"]
[Site "?"]
[Date "2016.03.13"]
[Round "4.4"]
[White "Cech, Pavel"]
[Black "Panzalovic, Srdjan"]
[Result "1-0"]
[WhiteElo "2384"]
[BlackElo "2438"]
[PlyCount "73"]
[EventDate "2016.??.??"]

1. e4 c5 2. Nf3 e6 3. b3 a6 4. Bb2 Nc6 5. g3 d6 6. d4 cxd4 7. Nxd4 Nf6 8. Bg2
Bd7 9. O-O Rc8 10. c4 b5 11. cxb5 Nxd4 12. Qxd4 axb5 13. Nc3 Be7 14. e5 dxe5
15. Qxe5 O-O 16. Ne4 Bc6 17. Rfd1 Qb6 18. Nd6 Rb8 19. Bxc6 Qxc6 20. Nf5 exf5
21. Qxe7 Rfe8 22. Qa7 Ne4 23. Rac1 Qg6 24. Qd4 Ng5 25. Kg2 h5 26. Qd6 Ne6 27.
Qe5 h4 28. Rd5 Rbd8 29. Rcd1 Rxd5 30. Rxd5 h3+ 31. Kf1 f4 32. Qf5 Qh6 33. Rd7
Ng5 34. gxf4 Qc6 35. Be5 Qg2+ 36. Ke2 f6 37. Rxg7+ 1-0

[Event "2.BLO 1516 Bindl Aktionär - Bad Mergen"]
[Site "?"]
[Date "2016.03.13"]
[Round "4.5"]
[White "Gasthofer, Alexander"]
[Black "Krensing, Jan"]
[Result "1/2-1/2"]
[WhiteElo "2439"]
[BlackElo "2322"]
[PlyCount "115"]
[EventDate "2016.??.??"]

1. d4 Nf6 2. c4 e6 3. g3 d5 4. Bg2 Bb4+ 5. Bd2 Be7 6. Nf3 O-O 7. Qc2 c6 8. b3
b6 9. O-O Ba6 10. a4 Nbd7 11. Rd1 Rc8 12. a5 c5 13. axb6 Qxb6 14. Qa2 Bb7 15.
Ba5 Qa6 16. Qb2 dxc4 17. dxc5 cxb3 18. Bc3 Qc6 19. Ne1 Qc7 20. Rxa7 Nxc5 21.
Bxb7 Nxb7 22. Qxb3 Rb8 23. Nd3 Ne4 24. Be5 Bd6 25. Bxd6 Nbxd6 26. Rxc7 Rxb3 27.
Nd2 Nxd2 28. Rxd2 Rb7 29. Rdc2 Rxc7 30. Rxc7 Rd8 31. Ne5 Kf8 32. Kg2 Ke8 33. g4
f6 34. Nd3 Rd7 35. Rc6 Ke7 36. Ra6 Rc7 37. f3 Kd7 38. Ra8 Ke7 39. Nf4 Kf7 40.
Rd8 Nb7 41. Rh8 h6 42. h4 Rd7 43. Rb8 e5 44. Nd3 Rc7 45. h5 Nc5 46. Nf2 Ke7 47.
Nd1 Ne6 48. Ne3 Nf4+ 49. Kf2 Kf7 50. Nf5 Rd7 51. Ra8 Ne6 52. Nh4 Nf8 53. Kg3
Rc7 54. e3 Rb7 55. Nf5 Rd7 56. Ra6 Ne6 57. Nd6+ Ke7 58. Nc8+ 1/2-1/2

[Event "2.BLO 1516 Bindl Aktionär - Bad Mergen"]
[Site "?"]
[Date "2016.03.13"]
[Round "4.6"]
[White "Wall, Gavin"]
[Black "Gasthofer, Viktor"]
[Result "1-0"]
[WhiteElo "2344"]
[BlackElo "2310"]
[PlyCount "67"]
[EventDate "2016.??.??"]

1. e4 e6 2. d4 d5 3. e5 c5 4. c3 Nc6 5. Nf3 Bd7 6. dxc5 Bxc5 7. b4 Bb6 8. Bd3
Nge7 9. Qe2 a6 10. O-O Ng6 11. Na3 Bc7 12. Bxg6 fxg6 13. c4 Nxb4 14. Rb1 a5 15.
Nb5 Bxb5 16. cxb5 d4 17. b6 Bb8 18. Qc4 Qd7 19. Nxd4 Kf7 20. Nf3 Rc8 21. Qg4
Kg8 22. Be3 Nd5 23. Bd4 a4 24. Rfc1 Re8 25. Ng5 a3 26. Ne4 Qf7 27. Nc5 h6 28.
g3 g5 29. Rb3 Kh7 30. Qe4+ Kg8 31. Rf3 Qe7 32. Qg6 Nxb6 33. Rb1 Ba7 34. Ne4 1-0

[Event "2.BLO 1516 Bindl Aktionär - Bad Mergen"]
[Site "?"]
[Date "2016.03.13"]
[Round "4.7"]
[White "Raps, Johannes"]
[Black "Havlikova, Kristyna"]
[Result "1/2-1/2"]
[WhiteElo "2172"]
[BlackElo "2313"]
[PlyCount "89"]
[EventDate "2016.??.??"]

1. d4 Nf6 2. Nf3 g6 3. g3 Bg7 4. Bg2 d5 5. O-O O-O 6. c4 dxc4 7. Ne5 Ne8 8. Na3
c5 9. Be3 c3 10. bxc3 Nd7 11. Nxd7 Qxd7 12. Qb3 cxd4 13. Rfd1 Nd6 14. Bxd4 Qc7
15. Nb5 Nxb5 16. Qxb5 a6 17. Qb4 a5 18. Qb5 a4 19. Rab1 Bxd4 20. cxd4 Qc2 21.
a3 Rd8 22. Rdc1 Qa2 23. Qb2 Qxb2 24. Rxb2 Rxd4 25. Bxb7 Bxb7 26. Rxb7 Re4 27.
Rcc7 Rxe2 28. Rxe7 Rxe7 29. Rxe7 g5 30. h4 gxh4 31. gxh4 Kg7 32. Kg2 Kg6 33.
Re4 Kf5 34. Rb4 f6 35. Kf3 Ra5 36. Kg3 h5 37. f3 Ke5 38. f4+ Ke6 39. Kf3 Kf5
40. Rc4 Rb5 41. Rxa4 Rb3+ 42. Kg2 Kg4 43. f5+ Kxf5 44. Ra5+ Kf4 45. Ra4+
1/2-1/2

[Event "2.BLO 1516 Bindl Aktionär - Bad Mergent"]
[Site "?"]
[Date "2016.03.13"]
[Round "4.8"]
[White "Delitzsch, Juergen"]
[Black "Gross, Willi"]
[Result "0-1"]
[WhiteElo "2270"]
[BlackElo "2127"]
[PlyCount "118"]
[EventDate "2016.??.??"]

1. d4 d6 2. Nf3 g6 3. c4 Bg7 4. Nc3 Nf6 5. e4 O-O 6. h3 e5 7. d5 Nh5 8. Nh2 Na6
9. g3 Nf6 10. Bg2 Ne8 11. Nf3 f5 12. exf5 gxf5 13. O-O Nc5 14. Bg5 Bf6 15. Bh6
Ng7 16. Qd2 a5 17. Rab1 Qe8 18. Bg5 Qg6 19. Bxf6 Qxf6 20. Ne1 f4 21. g4 h5 22.
f3 Qg6 23. Qc2 Qxc2 24. Nxc2 Bd7 25. Rbd1 Be8 26. Na3 Bg6 27. Ne4 Bxe4 28. fxe4
hxg4 29. hxg4 Kf7 30. Nb5 Na6 31. a3 Kg6 32. Kf2 Ne8 33. Rh1 Nf6 34. Bf3 Rh8
35. Ke2 Rag8 36. Rdg1 Rxh1 37. Rxh1 Nh7 38. b4 axb4 39. axb4 Rg7 40. c5 dxc5
41. bxc5 Nxc5 42. Rc1 b6 43. Rb1 Nf6 44. Nc3 Ne8 45. Nb5 Nf6 46. Nc3 Rd7 47.
Bg2 Kg5 48. Kf3 Rd8 49. Rh1 Ra8 50. Nb5 Ncxe4 51. Re1 Ra2 52. Re2 Rxe2 53. Kxe2
Nd6 54. Nxc7 Kxg4 55. Kf2 e4 56. Bf1 f3 57. Ba6 Nf5 58. Bc8 e3+ 59. Ke1 Ne4 0-1